Oropesa : (Record no. 22196)

000 -CABECERA
fixed length control field 02118nam a22002657a 4500
003 - IDENTIFICADOR DEL NÚMERO DE CONTROL
control field AR-CdUCM
008 - DATOS DE LONGITUD FIJA--INFORMACIÓN GENERAL
fixed length control field 190425b ||||| |||| 00| 0 spa d
040 ## - FUENTE DE LA CATALOGACIÓN
Agencia/entidad que catalogó originalmente la obra MUNICIPALIDAD PROVINCIAL DEL CUSCO
Entidad que transcribió la catalogación BIBLIOTECA MUNICIPAL DEL CUSCO
082 ## - NÚMERO DE LA CLASIFICACIÓN DECIMAL DEWEY
No. de Clasificación Oropesa/N°100/2016
245 ## - MENCIÓN DE TÍTULO
Título Oropesa :
Resto del título revista de cultura y educación de opinión y crítica /
Mención de responsabilidad Américo Valer Vargas, Director
260 ## - PUBLICACIÓN, DISTRIBUCIÓN, ETC.
Lugar de publicación, distribución, etc. Cusco.
Nombre de la editorial, distribuidor, etc. Lezama,
Fecha de publicación, distribución, etc. 2016.
300 ## - DESCRIPCIÓN FÍSICA
Nº de Páginas Extensión 74 páginas. :
Otros detalles físicos ilustraciones ;
Dimensiones 30 cm.
440 ## - MENCIÓN DE SERIE/PUNTO DE ACCESO ADICIONAL--TÍTULO
Título Oropesa.
Número de la parte/sección de una obra Año XXXV, N°100, diciembre 2016.
9 (RLIN) 47620
505 ## - NOTA DE CONTENIDO CON FORMATO
Nota de contenido formateada Contenido: Proeza 100 de la revista Oropesa. -- Reseña histórica de la revista Oropesa. -- Américo Valer Vargas hombre de lucha y perseverancia. -- Variaciones fonético fonológicas del quechua del distrito de Layo provincia Canas Cusco. -- Confesiones de García Márquez. -- Debilitamiento del Qheswa simi. -- Arte y cultura Justo Béjar en el recuerdo. -- El Inca Garcilaso de la Vega la etnología y la etnohistoria modernas. -- La Antropología de la muerte y el Patrimonio funerario en los estudios de Rossano Calvo. -- Poesías. -- En defensa de los panaderos la verdad del paro del 05 de octubre de 1948. -- La pandemia de la corrupción que corroe al Perú. -- El Santurantikuy y el día del reencuentro en el Cuzco del 2016. -- María Rostoworowski Tovar Diez Canseco una pasión por el Perú con identidad. -- El Señor de Huanca y el Apu Pachatusan. -- Coca hoja sagrada de los Incas. -- Estructura de la rampa Inka Ollantaytambo. -- Wánchaq debe escribirse con tilde. -- Trayectoria del SUTEP Cusco. -- Lo que plantea el traslado de la Casa Acomoqo. -- Represa Inambari importancia e impactos ambientales. -- Historia del Festival del Culto al agua o Qocha Raymi Urcos. ...
650 ## - PUNTO DE ACCESO ADICIONAL DE MATERIA--TÉRMINO DE MATERIA
Descriptor Política cusqueña
9 (RLIN) 47381
650 ## - PUNTO DE ACCESO ADICIONAL DE MATERIA--TÉRMINO DE MATERIA
Descriptor Cultura andina
9 (RLIN) 47570
650 ## - PUNTO DE ACCESO ADICIONAL DE MATERIA--TÉRMINO DE MATERIA
Descriptor Sociedad cusqueña
9 (RLIN) 47493
650 ## - PUNTO DE ACCESO ADICIONAL DE MATERIA--TÉRMINO DE MATERIA
Descriptor Siglo XX
9 (RLIN) 47561
700 ## - PUNTO DE ACCESO ADICIONAL--NOMBRE DE PERSONA
Nombre Personal Avendaño Farfán, Ángel
9 (RLIN) 22687
700 ## - PUNTO DE ACCESO ADICIONAL--NOMBRE DE PERSONA
Nombre Personal Calvo Calvo, Rosano
9 (RLIN) 47621
700 ## - PUNTO DE ACCESO ADICIONAL--NOMBRE DE PERSONA
Nombre Personal Panti Hermoza, Yuli Tania
9 (RLIN) 22361
700 ## - PUNTO DE ACCESO ADICIONAL--NOMBRE DE PERSONA
Nombre Personal Flores Ochoa, Jorge
9 (RLIN) 2915
942 ## - ELEMENTOS DE PUNTO DE ACCESO ADICIONAL (KOHA)
Fuente de clasificación
Tipo de item Revistas cusqueñas
945 ## - PROCESAMIENTO DE INFORMACIÓN LOCAL (OCLC)
Catalogador rac
Holdings
Estado de retiro (separado) Fuente de clasificación o esquema de estanterías Estado dañado Ubicación Sala donde se ubica Nombre de la colección Fecha de adquisición o compra Costo, precio normal en soles Signatura topográfica Código de Barras Última vez visto (Koha) Tipo de ítem (Koha)
No     Sala Hemeroteca Sala Hemeroteca Book Cart 2022-03-21 5.00 Oropesa/N°100/2016 REVC000793 2022-03-21 Revistas cusqueñas

Powered by Koha